000 00578nam a2200205Ia 4500
003 OSt
005 20250313141429.0
008 210210b1995 xxu||||| |||| 00| 0 eng d
040 _cAL
041 _aKannada
082 _aK894.4 ARNE
100 _aARNOLD (Edwin).
_dಅರ್ನಾಲ್ಡ್ (ಎಡ್ವಿನ್)
_9206042
245 _aEshyada belaku.
_bಏಶ್ಯಾ ದ ಬೆಳಕು.
260 _aPutturu
_bKarnataka Sangha
_c1995
300 _aviii,112
650 _aBuddha
_9206043
690 _aKannada Prose
_9206044
906 _a054829
942 _2ddc
_cBK
999 _c102893
_d102893